1651 1190 1119 1079 1485 1092 1815 1996 1117 1112 1957 1344 1682 1576 1695 1116 1474 1396 1164 1044 1725 1970 1590 1617 1010 1406 1301 1868 1632 1394 1206 1672 1818 1274 1544 1631 1456 1808 1566 1753 1153 1544 1910 1437 1856 1868 1342 1743 1608 1141 1337 1420 1373 1839 1651 1516 1752 1258 1472 1202 1527 1389 1611 1029 1149 1370 1944 1279 1016 1257 1710 1471 1834 1122 1425 1633 1396 1823 1153 1224 1023 1788 1384 1285 1184 1067 1315 1356 1269 1454 1804 1647 1108 1205 1321 1564 1025 1312 1418 BCNSPRNW ULIB Ver.6.0+V

เปลี่ยนเป็นภาษาไทย

Change to English
 แสดงรายละเอียดบรรณานุกรม
  กลับหน้าหลัก

Brief Record : Get Marc (ISO 2709) : E-mail record : QR code < ปิดหน้าต่าง
LEADER : 00000nam 2200000uu 4500
001    13399108969
003     ULIB
008    110203s2550||||th 000 0 tha d
020    9746453637(ล.2)
060  4 WA32JT3^bม246ก ล.2 2550
110 1  มหาวิทยาลัยสุโขทัยธรรมาธิราช^bสาขาวิชาวิทยาศาสตร์สุขภาพ
245 00 เอกสารการสอนชุดวิชา กฎหมายเกี่ยวกับสาธารณสุขสิ่งแวดล้อมและนิติเวชศาสตร์ หน่วยที่9-15=^bLaws related to public health,environmental health and forensic medicine/^cมหาวิทยาลัยสุโขทัยธรรมาธิราช
246 0  Laws related to public health,environmental health and forensic medicine
250    พิมพ์ครั้งที่ 6
260    นนทบุรี:^bศูนย์หนังสือมหาวิทยาลัยสุโขทัยธรรมาธิราช,^c2550
300    354 หน้า
650  7 กฎหมายเกี่ยวกับสาธารณสุข
650  7 นิติเวชศาสตร์
650  7 กฎหมายสิ่งแวดล้อม
945    ^p0^l0^i022867
945    ^p0^l0^i022865
945    ^p0^l0^i022866
995    ทศพร
999 ^a ใช้งานได้ทุกระบบ
รายการนี้ยังไม่มีแท็ก
คุณยังไม่ได้ล็อกอิน คุณสามารถมีกิจกรรมร่วมกับเว็บไซต์ได้ แต่ต้องล็อกอินก่อน ::
  ล็อกอิน

รายการสื่อสารสนเทศ

ลำดับที่ ประเภท เลขเรียก/บาร์โค้ด สถานที่ สถานะ
- ไม่พบข้อมูล -

รายการใกล้เคียง
    หัวเรื่อง [กฎหมายเกี่ยวกับสาธารณสุข]
    หัวเรื่อง [นิติเวชศาสตร์]
    หัวเรื่อง [กฎหมายสิ่งแวดล้อม]

BibComment


ยังไม่เคยถูกคอมเมนท์

คอมเมนท์ทรัพยากรรายการนี้
  คอมเมนท์: เอกสารการสอนชุดวิ..


 Copyright 2026. Bcnsprnw @Library